[Event "Interzonal-16"]
[Site "Biel"]
[Date "1993.??.??"]
[Round "5"]
[White "Nikolic, Predrag"]
[Black "Gurevich, Dmitry"]
[Result "0-1"]
[WhiteElo "2625"]
[BlackElo "2575"]
[Annotator "Ftacnik,L"]
[PlyCount "100"]
[EventDate "1993.07.16"]
[EventType "swiss"]
[EventRounds "13"]
[EventCountry "SUI"]
[SourceTitle "CBM 037"]
[Source "ChessBase"]
[SourceDate "1993.12.01"]
[SourceVersion "1"]
[SourceVersionDate "1993.12.01"]
[SourceQuality "1"]

1. d4 d5 2. Nf3 Nf6 3. c4 c6 4. e3 e6 5. Bd3 Nbd7 6. O-O Bd6 7. Nbd2 O-O 8. e4
e5 9. cxd5 cxd5 10. exd5 exd4 11. Nc4 Bc5 $1 {/\ Nb6 ><d5} (11... Nc5) 12. a3
a5 (12... b5 $6 13. Ncd2 {/\ b4 ><b5}) 13. Bd2 Nxd5 14. Nxa5 (14. Bxa5 Qf6)
14... Ne3 15. fxe3 $8 dxe3 16. Kh1 exd2 17. b4 $6 (17. Nc4 $10) 17... Be3 18.
Qb3 $6 (18. Nc4 Bh6 19. Ncxd2) 18... Bh6 19. Nc4 (19. Bc4 Qc7 $1 20. Bxf7+ Rxf7
21. Ng5 Nf6 $19) 19... Nb6 $1 20. Nfxd2 Be6 21. Qb1 (21. Qc2 Rc8 $19) 21...
Nxc4 22. Nxc4 Qc7 23. Na5 $6 (23. Bxh7+ $5 Kh8 24. Nb2 $1 (24. Na5 $2 b6 $17)
24... g6 25. Bxg6 fxg6 26. Qxg6 $44) 23... g6 $17 24. Be4 (24. Qc2 Qxc2 25.
Bxc2 Bg7 {/\ b6}) 24... Bg7 25. Qc1 (25. Bxb7 $2 Rxa5 $19) 25... Qb6 26. Rb1
Ba2 27. Bxb7 Ra7 28. Bf3 Rc7 29. Qd2 Bxb1 30. Rxb1 Rc3 31. Bd5 Qc7 32. g3 Rxa3
$19 33. Nc6 Bf6 34. b5 Qb6 35. Qf4 Ra1 36. Rxa1 Bxa1 37. Ne7+ Kg7 38. Bc6 Qc5
39. Nd5 Rd8 40. Qf3 Rd6 41. Kg2 h5 42. Qd1 Be5 43. Qd3 f5 44. h3 Bf6 {/\ h4}
45. g4 Be5 46. Kf1 (46. gxf5 gxf5 {/\ Rg6}) 46... hxg4 47. hxg4 fxg4 48. Qe4
Qc1+ 49. Ke2 Qb2+ 50. Kd1 g3 0-1

[Event "Lvov zt"]
[Site "Lvov"]
[Date "1990.??.??"]
[Round "?"]
[White "Tukmakov, Vladimir B"]
[Black "Kuzmin, Gennadi P"]
[Result "1-0"]
[WhiteElo "2570"]
[BlackElo "2495"]
[Annotator "Ftacnik,L"]
[PlyCount "88"]
[EventDate "1990.02.??"]
[EventType "swiss"]
[EventRounds "9"]
[EventCountry "URS"]
[SourceTitle "CBM 018"]
[Source "ChessBase"]
[SourceDate "1990.10.01"]
[SourceVersion "1"]
[SourceVersionDate "1990.10.01"]
[SourceQuality "1"]

1. d4 Nf6 2. c4 e6 3. g3 d5 4. Nf3 Be7 5. Bg2 O-O 6. O-O Na6 7. Nc3 c5 8. cxd5
exd5 9. dxc5 Nxc5 10. Be3 (10. b3 Bf5 11. Nd4 Bg6 12. Bb2 Qb6 13. Rc1 Rad8 $13
{Razuvayev,Y-Kuzmin,G/Moscow GMA-op/1989/ ->TD89_02}) 10... Nce4 (10... Bf5 11.
Rc1 Rc8 12. Nd4 Bg6 13. Bh3) 11. Rc1 Be6 12. Nd4 Bd7 (12... Qd7 $5) 13. Nxe4
dxe4 14. Nb3 h6 (14... b6 15. Qd4 Bb5 16. Qxd8 Rfxd8 17. Nd4 $14) (14... Bc6
15. Qc2 {/\ Rfd1}) 15. Qd4 Bc6 (15... Bb5 16. Rc2) 16. Rfd1 Re8 (16... Qxd4 17.
Nxd4 Bd5 18. Nf5 Rfe8 19. Nxe7+ Rxe7 $14) 17. Qe5 Bd5 (17... Nd7 18. Qf5) 18.
Qf5 Qd6 (18... Be6 19. Rxd8 Bxf5 20. Rxa8 Rxa8 21. Rc7 $16) 19. Nc5 Rad8 $6 (
19... Qc6 20. Nd7 (20. Nd3 Qe6 21. Qxe6 Bxe6) (20. Bd4 $5) 20... Qxd7 21. Qxd7
Nxd7 22. Rxd5 Nf6 23. Rd4 $14) 20. Nxb7 (20. Nxe4 Bxe4 21. Bxe4 Qxd1+ 22. Rxd1
Rxd1+ 23. Kg2 Nxe4 24. Qxe4 b6 $16) 20... Qd7 21. Qxd7 Rxd7 22. Nc5 Rc7 (22...
Bxc5 23. Rxc5 Bxa2 24. Rxd7 Nxd7 25. Rc7) 23. a3 Rcc8 (23... a5 24. b4 axb4 25.
axb4 Rb8 26. Bf4 $18) 24. b4 Bc6 25. Bh3 Ra8 26. Na6 $1 $18 Ba4 27. Rd4 Bd8 28.
Nc5 Bb5 29. Kf1 Bb6 (29... a5 30. a4 Bc6 31. b5 $18) 30. a4 Bxc5 31. bxc5 Bc6
32. Rd6 Bxa4 33. c6 Bb3 34. c7 Be6 35. Bxe6 fxe6 36. Bxa7 Rxa7 (36... Rac8 37.
Bb6 Nd5 38. Ba5 $18) 37. c8=Q Rxc8 38. Rxc8+ Kf7 39. Rdc6 Nd5 40. Kg2 Ra2 41.
Rc2 Ra3 42. R2c4 e3 43. f4 Ra1 44. Rc1 Ra4 {Ftacnik,L} 1-0

[Event "USA-ch"]
[Site "Long Beach"]
[Date "1993.??.??"]
[Round "7"]
[White "Christiansen, Larry Mark"]
[Black "Kaidanov, Gregory S"]
[Result "1-0"]
[WhiteElo "2555"]
[BlackElo "2640"]
[Annotator "Ftacnik,L"]
[PlyCount "91"]
[EventDate "1993.12.??"]
[EventType "tourn"]
[EventRounds "11"]
[EventCountry "USA"]
[EventCategory "14"]
[SourceTitle "CBM 039"]
[Source "ChessBase"]
[SourceDate "1994.04.01"]
[SourceVersion "1"]
[SourceVersionDate "1994.04.01"]
[SourceQuality "1"]

1. c4 e6 2. Nf3 d5 3. e3 Nf6 4. d4 c5 5. cxd5 exd5 6. Bb5+ Nc6 7. O-O Bd6 8.
Qc2 Qb6 9. dxc5 Bxc5 10. Bxc6+ Qxc6 (10... bxc6 11. Nc3 Bd6 12. b3 O-O 13. Bb2
{/\ Rac1, Na4}) 11. b3 Qd6 12. Bb2 Bg4 13. Rc1 b6 (13... Rc8 14. b4 $1 Bxb4 15.
Qxc8+ Bxc8 16. Rxc8+ Kd7 17. Rxh8 $18) (13... Bb6 14. Ba3 $1) 14. Nbd2 O-O 15.
Ne5 Rac8 16. Qd3 Be6 17. Nef3 Bg4 18. a3 a5 19. Ng5 Bh5 20. Qa6 (20. Bxf6 Bg6
$1) 20... Ra8 21. Qb5 Ng4 22. Nf1 f6 23. Nh3 Be8 24. Qe2 Bd7 25. Nf4 Ne5 26.
Qd2 Rad8 27. Ng3 Bc8 28. Nge2 Ba6 29. Nd4 Rfe8 30. Qd1 Qd7 31. b4 $5 Bf8 32.
bxa5 Nc4 33. Bc3 Bxa3 (33... bxa5 $5 $13) 34. Rcb1 bxa5 35. Bxa5 Rb8 (35...
Nxa5 $2 36. Rxa3 $18) 36. Bc3 Rxb1 37. Rxb1 Bf8 (37... Bc5 $2 38. Nb3 Bf8 39.
Qxd5+ $16) 38. h3 Ne5 $6 (38... Nd6 $6 39. Nxd5 Ne4 40. Nb6 Nxc3 41. Nxd7 Nxd1
42. Rxd1 $16) 39. Rb6 Bc4 (39... Bb7 40. Qb3 Ba8 $16) 40. Nde6 Bd6 (40... Nc6
41. e4 d4 $16) 41. Qb1 $1 Rxe6 $2 (41... Be7 42. Bb4 $16) 42. Nxe6 Qxe6 43. Bb4
Nc6 (43... Nf7 $2 44. Bxd6 Nxd6 45. Qb4) (43... Nf3+ 44. Kh1 $1 Qe5 45. Bxd6) (
43... Bd3 $1 44. Qa1 $1 (44. Qb3 Nc4 45. Rxd6 Nxd6 46. Qxd3 $10) 44... Nc4 45.
Qa8+ Kf7 46. Rb7+ Kg6 47. Qh8 $3 Bxb4 48. Qxg7+ Kf5 49. Qg4+ Ke5 50. Qf4#) 44.
Bxd6 (44. Rxc6 $2 Bh2+ 45. Kxh2 Qxc6 $10) 44... Qxd6 45. Qa1 $1 Qd7 46. Qa8+
1-0

[Event "Rubinstein Memorial 34th"]
[Site "Polanica Zdroj"]
[Date "1997.??.??"]
[Round "7"]
[White "Malaniuk, Vladimir P"]
[Black "Bareev, Evgeny"]
[Result "0-1"]
[WhiteElo "2615"]
[BlackElo "2670"]
[Annotator "Ftacnik,L"]
[PlyCount "50"]
[EventDate "1997.08.19"]
[EventType "tourn"]
[EventRounds "11"]
[EventCountry "POL"]
[EventCategory "16"]
[SourceTitle "CBM 061"]
[Source "ChessBase"]
[SourceDate "1997.11.23"]
[SourceVersion "1"]
[SourceVersionDate "1997.11.23"]
[SourceQuality "1"]

1. d4 {Tsesarsky} Nf6 2. Nf3 d5 3. c4 e6 4. e3 a6 5. Nbd2 (5. b3 {Tsesarsky} c5
6. cxd5 (6. Bd3 Nc6 7. Bb2 Bd6 8. O-O O-O 9. Nc3 b6 10. Rc1 cxd4 11. exd4 Bf4
12. Ra1 Bb7 13. Qe2 Re8 $11 {1-0 Bezgodov,A-Ivanov,S/ch-RUS KO, Elista RUS
1997 (33)}) 6... Nxd5 (6... Qxd5 7. Nc3 Qd8 8. Bd3 cxd4 9. Nxd4 e5 $11 {
Vospernik,Z-Orel,O/Portoroz op 1994/1-0 (55)}) 7. a3 (7. e4 $5) 7... cxd4 8.
Nxd4 Be7 $11 {0-1 Fominyh,A-Morozevich,A/RUS-ch m1-2 1997 (52)}) 5... c5 6.
dxc5 (6. cxd5 exd5 7. dxc5 Bxc5 8. a3 (8. Nb3 Bd6 9. h3 O-O 10. Bd3 Nc6 11. O-O
Ne4 12. Bd2 Qf6 13. Nbd4 Re8 14. Bc3 Qh6 15. Re1 Nxd4 16. Bxd4 Re6 17. Kf1 Rg6
18. Be5 Bxh3 19. gxh3 Qxh3+ 20. Ke2 Bxe5 {0-1 Bunzmann,D-Krivoshey,S/Meisdorf
op 1996 (32)}) 8... Nc6 9. b4 Ba7 10. Nb3 O-O 11. Bb2 Bg4 12. Be2 Qe7 13. O-O
Rac8 14. Nbd4 Nxd4 15. Nxd4 Bd7 16. Bd3 Qe5 17. Qe2 Bb8 18. g3 Qe7 19. Nf5 Bxf5
20. Bxf5 {0-1 Rashkovsky,N-Rabiega,R/Berliner Sommer 1996 (34)}) (6. b3 cxd4 (
6... Nc6 {Tsesarsky} 7. Bb2 Be7 8. Be2 O-O 9. O-O Re8 10. Re1 Bf8 11. Bf1 cxd4
12. exd4 b6 13. Ne5 Bb7 $11 {Tibensky,R-Certek,P/Pila 1992/1-0 (55)}) 7. exd4
Nc6 8. Bb2 g6 9. Be2 Bg7 10. O-O O-O 11. Ne5 Nd7 12. Nxc6 bxc6 13. Nf3 Qa5 14.
Qc2 Bb7 15. Rfd1 Rfc8 16. Bc3 Qc7 17. Qd2 Nf6 18. Ba5 Ne4 19. Bxc7 Nxd2 20. Bb6
Nxf3+ 21. Bxf3 Bh6 {1/2-1/2 Polugaevsky,L-Kortschnoj,V/Antwerpen 1993}) 6...
Bxc5 7. a3 (7. b3 O-O 8. Bb2 Qe7 9. a3 Nc6 10. Qc2 Rd8 11. Bd3 d4 12. exd4 Nxd4
13. Nxd4 Bxd4 14. Bxd4 Rxd4 15. Nf3 Rd6 16. O-O b6 17. Rfd1 Bb7 18. Ne5 g6 19.
b4 Rad8 {1/2-1/2 Malaniuk,V-Ivanchuk,V/Yalta super 1995 (30)}) 7... dxc4 (7...
O-O 8. b4 Bd6 9. Bb2 b6 10. Bd3 Bb7 11. O-O $11) 8. Bxc4 b5 9. Be2 (9. Ba2 Bb7
10. O-O O-O 11. b4 Bd6 12. Bb2 Nbd7 $11) 9... O-O 10. b4 Bd6 (10... Bb6 11. Bb2
Bb7 12. O-O Nbd7 $11) 11. Bb2 Bb7 12. O-O (12. Nb3 {Tsesarsky} Ne4 13. Na5 Bd5
14. Rc1 Bc7 $15) 12... Nbd7 (12... Nc6 $6 13. Bxf6 gxf6 14. Ne4 Be7 15. Qc2 $14
) 13. Rc1 Qe7 (13... Rc8 {Tsesarsky} 14. Rxc8 Qxc8 15. Qb3 $11) 14. Bd3 h6 (
14... e5 15. Nh4 (15. Ng5 Rac8 16. Nge4 $11) 15... g6 16. Qe2 $11) 15. Qc2 (15.
Qe2 {Tsesarsky} Rac8 $11) 15... Rac8 (15... e5 $6 16. Nh4 $1) 16. Qb1 Nb6 17.
Bd4 (17. Be5 $11 {Tsesarsky}) 17... Nfd7 $1 (17... Na4 18. Qa1 $14) 18. Bh7+
Kh8 19. Be4 Bxe4 (19... Nd5 {Tsesarsky} 20. Rxc8 Rxc8 21. Rc1 $11) 20. Qxe4 (
20. Nxe4 Bb8 21. Rfd1 Nc4 22. Nc5 $11) (20. Nxe4 $11 {Tsesarsky}) 20... e5 $1
21. Bxb6 $6 (21. Bb2 $1 f5 (21... Nf6 {Tsesarsky} 22. Qf5 g6 23. Qh3 Kg7 24.
Rfd1 $11) 22. Qb7 e4 (22... Ra8 23. Rfd1 Rfb8 24. Qc6 Rc8 $11) 23. Nd4 Qe5 (
23... Ra8 24. Rfd1 Rfb8 25. Qc6 Rc8 (25... Ne5 26. Nxf5 Nxc6 27. Nxe7 Nxe7 28.
Nxe4 Nc4 29. Rxc4 Bxh2+ 30. Kxh2 bxc4 31. Rd7 Nf5 32. g4 Re8 33. gxf5 Rxe4 34.
Rxg7 $18) 26. Nxf5 $1 Rxc6 27. Nxe7 $1 (27. Rxc6 $2 Qe6 28. Nxd6 (28. Nxg7
Bxh2+ 29. Kxh2 Qxc6 $19) 28... Qd5 29. Rxb6 Nxb6 30. N6xe4 Qd3 $19) 27... Rxc1
28. Ng6+ Kh7 29. Rxc1 $18) 24. g3 Ra8 $13) 21... Nxb6 22. Rc6 (22. Nh4 $6 g6
$15) (22. Qb1 Rfd8 $15) (22. Qf5 {Tsesarsky} g6 (22... Rxc1 23. Rxc1 Rd8 24.
Ne4 Nc4 (24... Bb8 25. h4 Nc4 26. Nfg5 hxg5 27. Nxg5 g6 28. Qxf7 Bd6 29. Qxg6
$16) 25. h4 f6 $2 26. h5 Kg8 (26... Nxa3 $2 27. Nh4 $18 Qe8 (27... Kg8 28. Qg6
Qf7 29. Nxd6 $18) 28. Ng6+ Kg8 29. Nxd6 Rxd6 30. Rc8 Rd8 31. Qe6+ $1 $18) 27.
Nh4 $16) 23. Qh3 Kg7 24. Ne4 f5 25. Nxd6 Qxd6 $15) 22... f5 23. Nh4 $4 {
Serious mistake, since white pieces are clearly uncoordinated. Eine schwere
Fehler, weisse Steine sind ausgesprochen unkoordiniert.} (23. Qc2 Qd7 (23... e4
{Tsesarsky} 24. Nd4 Qe5 25. g3 Qd5 $15) 24. Rxc8 (24. Rc1 {Tsesarsky} Rxc6 25.
Qxc6 Rc8 $19) 24... Rxc8 25. Qb3 e4 26. Nd4 Be5 $17) 23... Qd7 $1 (23... fxe4
$2 24. Ng6+ Kh7 25. Nxe7 Bxe7 26. Rxb6 $16) 24. Ng6+ (24. Rxd6 {Tsesarsky} Qxd6
25. Qxe5 Qxd2 26. Ng6+ Kh7 27. Nxf8+ Rxf8 $19) 24... Kg8 25. Nxf8 Bxf8 (25...
Bxf8 26. Rxc8 (26. Qxe5 {Tsesarsky} Rxc6 $19) 26... fxe4 $19) 0-1

[Event "URS-ch U26"]
[Site "Minsk"]
[Date "1990.??.??"]
[Round "?"]
[White "Epishin, Vladimir"]
[Black "Sorokin, Maxim"]
[Result "1/2-1/2"]
[WhiteElo "2550"]
[BlackElo "2455"]
[Annotator "Ftacnik,L"]
[PlyCount "41"]
[EventDate "1990.01.??"]
[EventType "tourn"]
[EventRounds "13"]
[EventCountry "URS"]
[EventCategory "10"]
[SourceTitle "CBM 017"]
[Source "ChessBase"]
[SourceDate "1990.08.01"]
[SourceVersion "1"]
[SourceVersionDate "1990.08.01"]
[SourceQuality "1"]

1. d4 d5 2. c4 e6 3. Nf3 c6 4. Qc2 Nf6 5. Nbd2 Nbd7 6. g3 (6. e4 dxe4 7. Nxe4
Nxe4 8. Qxe4 Bb4+) 6... b6 (6... b5 $5) 7. Bg2 Bb7 8. O-O c5 $1 {N} (8... Be7
9. e4 $14) 9. cxd5 Nxd5 10. Nb3 Be7 (10... Rc8 $5) 11. Bd2 Rc8 12. dxc5 Nxc5
13. Nxc5 Bxc5 14. Qa4+ Qd7 15. Qxd7+ Kxd7 16. Ne5+ Ke7 17. Nd3 Ba6 $1 $10 18.
Nxc5 Rxc5 19. Rfc1 Rhc8 (19... Bxe2 $4 20. Rxc5 bxc5 21. Bxd5 exd5 22. Re1 $18)
20. Rxc5 Rxc5 21. Bxd5 {Ftacnik,L} 1/2-1/2

[Event "London FIDE GP 1st"]
[Site "London"]
[Date "2012.09.23"]
[Round "3"]
[White "Mamedyarov, Shakhriyar"]
[Black "Giri, Anish"]
[Result "1-0"]
[WhiteElo "2729"]
[BlackElo "2730"]
[Annotator "Ftacnik,L"]
[PlyCount "41"]
[EventDate "2012.09.21"]
[EventType "tourn"]
[EventRounds "11"]
[EventCountry "ENG"]
[EventCategory "20"]
[SourceTitle "CBM 151"]
[Source "ChessBase"]
[SourceDate "2012.11.13"]
[SourceVersion "1"]
[SourceVersionDate "2012.11.13"]
[SourceQuality "1"]

1. d4 d5 2. c4 c6 3. Nf3 Nf6 4. Qb3 e6 {The main defence against the early
foray of the white queen in current tournament praxis is the idea of immediate
development of the c8-bishop after 4...dxc4. Giri was well aware that his
adversary belongs to the experts in the ensuing complications and he thus
prefers a different plan.} (4... dxc4 5. Qxc4 Bf5) 5. Bg5 h6 {The h-pawn
advance is a well known motif from the Botvinnik System, but in our position
the pawn on c4 is defended. Black could have tried other options striving to
finish development without undue exposure.} (5... Nbd7 6. Nc3 (6. e3 Qa5+ 7.
Nc3 Ne4 8. h4 Bd6 9. Bf4 Bxf4 10. exf4 O-O 11. Bd3 dxc4 12. Bxc4 Nxc3 13. bxc3
Qf5 14. g3 Qe4+ 15. Be2 b6 16. Qb1 Qxb1+ 17. Rxb1 Bb7 18. Ne5 Nxe5 19. dxe5
Rad8 $11 {1/2 (31) Avrukh,B (2596)-Movsesian,S (2705) Sibenik 2012 (31)}) 6...
Qa5 (6... Be7 7. e3 O-O 8. Bd3 dxc4 9. Qxc4 Nd5 10. Bxe7 Qxe7 11. Rd1 N5b6 12.
Qb3 e5 13. Qc2 h6 14. O-O exd4 15. Nxd4 Nf6 16. Ne4 Nxe4 17. Bxe4 Bg4 18. Rd2
c5 19. Nf5 Bxf5 20. Bxf5 $14 {1/2 (41) Mchedlishvili,M (2626)-Dreev,A (2698)
Plovdiv 2012 (41)}) 7. cxd5 exd5 8. e3 Ne4 9. Bd3 Nxg5 10. Nxg5 Be7 11. Nf3 O-O
12. O-O Qd8 13. Qc2 g6 14. a3 a5 15. Rab1 Bd6 16. b4 axb4 17. axb4 Nb6 18. b5
c5 19. dxc5 Bxc5 20. Ra1 Rxa1 21. Rxa1 $11 {1/2 (44) Caruana,F (2770)-Kamsky,G
(2741) Achaea 2012 (44)}) (5... Be7 6. Nbd2 O-O 7. g3 h6 8. Bxf6 Bxf6 9. Bg2 b6
10. O-O Ba6 11. Rfd1 Nd7 12. e4 Bb7 13. cxd5 cxd5 14. e5 Be7 15. Ne1 Nb8 16. f4
Nc6 17. Ndf3 Rc8 18. Qe3 Qd7 19. Bh3 Nb4 20. Rd2 Ba6 $17 {1/2 (32) Erdos,V 
(2608)-Zilka,S (2517) Austria 2012 (32)}) 6. Bh4 dxc4 {At this point the swap
on c4 is connected with an older plan of advancing the -pawn as in the Catalan
Defence.} (6... Qa5+ 7. Nc3 Ne4 8. e3 Nd7 9. Bd3 g5 10. Bg3 Nxg3 11. hxg3 Bg7
12. O-O-O dxc4 13. Bxc4 Nb6 14. Kb1 Nd5 15. Ne4 Qc7 16. Rc1 Nf6 17. Nfd2 Nxe4
18. Nxe4 Qe7 19. f4 $16 {1-0 Epishin,V (2543)-Burmakin,V (2588)/Bugibba 2011/ 
(42)}) (6... Be7 7. e3 O-O 8. Nc3 Nbd7 (8... Ne4 9. Bxe7 Qxe7 10. Bd3 Nxc3 11.
Qxc3 Nd7 12. O-O dxc4 13. Bxc4 b6 14. Qd3 Rd8 15. Qe2 c5 16. Rfd1 Bb7 17. Ba6
Bxa6 18. Qxa6 e5 19. Qb7 exd4 20. exd4 Qf6 {1/2 (56) Nguyen,N (2662)-Nguyen,D 
(2453) Ho Chi Minh City 2012 (56)}) 9. Rd1 a6 10. a4 b6 11. Bd3 Bb7 12. O-O c5
13. Ne5 cxd4 14. exd4 Rb8 15. Rfe1 Qc7 16. Bg3 Bd6 17. Rc1 Bxe5 18. dxe5 dxc4
19. Bxc4 Nh5 $11 {1/2 (40) Khusnutdinov,R (2492)-Maletin,P (2575)/Moscow 2012/
(40)}) 7. Qxc4 b5 8. Qc2 (8. Qb3 Nbd7 9. Nc3 a6 10. e4 Qa5 11. Bxf6 Nxf6 12.
Bd3 c5 13. dxc5 Bb7 14. O-O Nd7 15. c6 Bxc6 16. Nd4 Rc8 17. Nxe6 fxe6 18. Qxe6+
Kd8 19. Rfd1 Bc5 20. Be2 $11 {1-0 (34) Cioara,A (2477)-Roiz,M (2652)/ Plovdiv
2012/ (34)}) 8... Bb7 9. Nbd2 $5 {The quality of the opening preparation on
the highest world level is fascinating for other players who watch
developments with interest. Mamedyarov is trying to surprise the enemy by
creating the unpleasant task of assessing new positions against known
continuations.} (9. Nc3 Nbd7 10. e4 Qb6 (10... b4 11. Na4 Qa5) 11. Be2 Nh5 12.
d5 (12. O-O g5 13. Bg3 g4 14. Ne5 Nxg3 15. hxg3 Nxe5 16. dxe5 h5 17. a4 Bg7 $11
) 12... Nf4 13. dxe6 Nxe6 14. O-O-O Bb4 15. Kb1 (15. Rxd7 Kxd7 16. Ne5+ Ke8 17.
Bh5 g6 18. Nxg6 Qc5 19. e5 $16) 15... Ndc5 16. Rd6 O-O 17. Nd5 cxd5 18. Rxb6
axb6 $15 {0-1 Jobava,B (2707)-Potkin,V (2653)/Aix-les-Bains 2011/ (26)}) (9. e3
Nbd7 10. Bd3 (10. Be2 Qb6 11. Nc3 a6 12. a4 Bb4 13. O-O O-O 14. Qb3 Be7 15.
Rfd1 b4 16. a5 Qd8 17. Ne5 bxc3 18. Qxb7 Rb8 19. Qxa6 cxb2 20. Rab1 Nxe5 21.
Bxf6 gxf6 22. dxe5 Qc7 23. Qc4 {1/2 (23) Eljanov,P (2675)-Stellwagen,D (2585)/
Wijk aan Zee 2007/}) 10... Be7 (10... Rc8 11. Qe2 b4 (11... a6 12. a4 c5 13.
O-O c4 14. Bc2 Qb6 15. axb5 axb5 16. Nc3 b4 17. Na4 Qc6 18. e4 Nxe4 19. d5 exd5
20. Nd4 Qc7 21. f3 Qe5 22. fxe4 Qxd4+ 23. Kh1 $14 {1/2 (99) Bologan,V (2693)
-Grigoryan,A (2595)/Moscow 2011/ (99)}) 12. O-O c5 13. a3 cxd4 14. exd4 Qa5 15.
Nbd2 bxa3 16. bxa3 Be7 17. Rab1 Bxf3 18. Nxf3 O-O 19. Rb7 Qxa3 20. d5 Nc5 21.
Rxe7 Nxd3 22. Bxf6 gxf6 $15 {0-1 (68) Izoria,Z (2593)-Ivanchuk,V (2715)/
Yerevan 2004/ (68)}) 11. O-O O-O 12. Qe2 a6 13. a4 bxa4 14. Rd1 c5 15. dxc5 Nd5
16. Bxe7 Qxe7 17. Rxa4 Nxc5 18. Ra1 Nxd3 19. Rxd3 Nb4 20. Rd2 Rad8 21. Rxd8
Rxd8 $15 {1/2 (36) Romanov,E (2639)-Malakhov,V (2710)/St Petersburg 2011/ (36)}
) 9... Nbd7 10. e4 (10. e3 Rc8 11. Be2 (11. a4 c5 12. Bxf6 gxf6 13. d5 exd5 14.
Bxb5 a6 15. Be2 Ne5 16. O-O Qd7 17. e4 Rg8 18. Ra3 c4 19. Nxe5 fxe5 20. Rg3
Rxg3 21. fxg3 dxe4 $15 {1/2 (47) Vovk,Y (2539)-Ivanchuk,V (2764)/Warsaw 2010/ 
(47)}) 11... Be7 12. O-O c5 13. Bxf6 Bxf6 14. Ne4 Bxe4 15. Qxe4 Qb6 16. dxc5 {
1/2 (16) Izoria,Z (2489)-Galkin,A (2584)/Ohrid 2001/}) 10... Rc8 {Giri is
puting his faith in the conservative approach with the classical setup aimed
at supporting the counterplay centred around the c6-c5 advance. In retrospect
it is easy to to suggest, that the queen move 10...Qb6 deserved closer
inspection.} (10... Qb6 11. a4 Bb4 12. Bd3 g5 13. Bg3 g4 14. Ne5 Qxd4 15. Nxd7
Nxd7 16. O-O-O Nc5 17. Nb3 Nxb3+ 18. Qxb3 bxa4 19. Bc4 Bd2+ 20. Rxd2 Qxd2+ 21.
Kxd2 axb3 $17 {0-1 (27) Gerber,R (2382)-Khenkin,I (2611)/Geneve 2007/ (27)})
11. Be2 a6 (11... c5 12. d5 $1 exd5 13. e5 g5 14. Bg3 Ne4 15. Bxb5 Bg7 (15...
a6 16. Ba4 Nxg3 17. hxg3 Bg7 18. O-O-O $14) 16. Nxe4 dxe4 17. O-O-O Bc6 18.
Bxc6 Rxc6 19. Qxe4 Qc8 20. h4 gxh4 21. Nxh4 c4 22. Nf5 Kf8 23. Qg4 Rg6 24. Qd4
{1-0 (24) Drozdovskij,Y (2454)-Galkin,A (2598)/chessassistantclub.com INT 2004/
}) 12. O-O c5 $2 {Chess literature is still awaiting a great work on the
importance of proper timing of any endeavour on the board, about the great
role of time in chess games in general. White is better developed and can thus
react rather violently, focusing on immediate attack.} (12... Qb6 13. Rad1 c5
14. d5 Be7 15. dxe6 Qxe6 16. a4 $14) 13. d5 $1 exd5 (13... Bd6 14. dxe6 fxe6
15. Rfd1 Qb6 16. Bxf6 gxf6 17. e5 $1 fxe5 18. Qg6+ Kd8 19. Ne4 $16) (13... Qb6
14. Rfe1 exd5 15. Bd3 $16) 14. e5 g5 {The fact, that Black finds it necessary
to use extreme meassures, does not bode well for the defence.} 15. Bg3 Ne4 (
15... Nh5 $2 16. e6 $18) 16. Nxe4 dxe4 17. Nd2 h5 {The advance of the h-pawn
in such a highly critical moment adds a flavour of desperation to the
defensive attempts. Tragically, all the natural moves were already
insufficient as well.} (17... Qe7 18. Nxe4 Nxe5 19. Bg4 $1 Nxg4 (19... Rd8 20.
Bxe5 Qxe5 21. Nxc5 $18) 20. Rfe1 $16) (17... Bg7 18. Nxe4 Bxe5 19. Rad1 Bxg3
20. Rxd7 $1 Kxd7 (20... Qxd7 21. Nf6+ $18) 21. Rd1+ Kc7 22. Rxd8 $18) 18. Nxe4
Rh6 (18... Bxe4 19. Qxe4 h4 20. e6 Nf6 (20... hxg3 21. exd7+ Kxd7 22. Rad1+ $18
) 21. Qb7 fxe6 22. Be5 $18) (18... h4 19. e6 $1 fxe6 20. Nd6+ Bxd6 21. Qg6+ Ke7
22. Qg7+ $18) 19. Rad1 Be7 (19... h4 20. Bg4 hxg3 21. fxg3 Rc7 22. Nf6+ Rxf6 (
22... Ke7 23. Qd2 $18) 23. exf6 Qa8 24. Rfe1+ Kd8 25. Qe2 $18) 20. Bxh5 $1 {
Mamedyarov is one of the strongest tacticians in the chess world elite. In
this position, with Black desperately defending, his beautiful final
combination serves as a way to shorten terrible suffering.} Rxh5 (20... Bc6 21.
Bg4 c4 22. Rfe1 Kf8 23. Nf6 $18) (20... Bxe4 21. Qxe4 Rxh5 22. e6 $18) 21. e6 {
The players above the magic rating level 2700 rarely win in direct duels in 20
moves!} (21. e6 fxe6 (21... Bc6 22. exd7+ Bxd7 23. Rd5 Qa5 24. Rxd7 Kxd7 25.
Qd1+ Kc6 26. Qxh5 $18) 22. Nd6+ Kf8 23. Qg6 $18) 1-0